Les 20 plus grandes villes de la Haute Loire - Statistiques

Statistiques générales
  • Ce quiz a été pris 149 fois
  • Le résultat moyen est 9 sur 20
Statistiques - réponses
Population Ville % Correct
18947 Le Puy en Velay
100%
7320 Yssingeaux
89%
6537 Brioude
86%
8962 Monistrol sur Loire
74%
3451 Langeac
53%
4238 Brives Charensac
52%
6023 Sainte Sigolène
42%
6166 Aurec sur Loire
40%
3421 Vals près le Puy
37%
4461 Bas en Basset
36%
3099 Tence
34%
2986 Retournac
33%
3597 Saint Germain Laprade
33%
2818 Polignac
28%
3521 Espaly Saint Marcel
27%
4240 Saint Just Malmont
25%
3216 Coubon
24%
2986 Beauzac
23%
3459 Saint Didier en Velay
23%
3226 Sainte Florine
22%
Aucun quiz correspondant
Distribution des résultats
% des personnes avec chaque résultat
Percentile par nombre de réponses
Votre historique - résultats
Vous n’avez pas pris ce quiz